00290nam a2200121Ia 4500008004100000041000800041082001600049100002100065245002900086250000600115260003800121300000900159210716s2018 xx 000 0 und d aeng a374.22 MATM aMathew,Manorama. aManorama year book 2018. a1 aKottayambMalayala Monoramac2018 a1039